| 000 | 01001nam a2200277 4500 | ||
|---|---|---|---|
| 001 | 9734 | ||
| 003 | BD-RjUL | ||
| 005 | 20211208234828.0 | ||
| 008 | 140121s1989 ja 000 0 eng | ||
| 035 | _a(BD-RjUL)9779 | ||
| 040 |
_aDLC _cDLC _dDLC _dBD-RjUL _beng |
||
| 041 | _aeng | ||
| 082 | 0 | 4 |
_222 _a495.6 _bALJ 1989 |
| 100 | 1 |
_aAlfonso, Anthony. _930095 |
|
| 245 | 1 | 0 |
_aJapanese language patterns : _bA structural approach / _c Anthony Alfonso with the co-operation of Yoshisuke Hirabayashi [and others] _nVolume 1 |
| 250 | _a4 th ed. | ||
| 260 |
_aTokyo : _bSophia University L. L. Center of Applied Linguistics, _c1989. |
||
| 300 |
_axxix, 613 p. ; _c27 cm. |
||
| 500 | _aAt head of title: Center for Japanese Studies of Sophia University. | ||
| 650 | 0 |
_aJapanese language _xSyntax. _930096 |
|
| 650 | 0 |
_aJapanese language _xSpoken Japanese. _930097 |
|
| 710 | 2 |
_aJōchi Daigaku, Tokyo. _bCenter of Applied Linguistics. _930098 |
|
| 942 |
_2ddc _cBK |
||
| 999 |
_c9734 _d9734 |
||